000 01277cam a2200265 4500
001 WB3649-22
008 000000n2000 000 0 eng u
035 _a(Sirsi) u109898
245 _aFair rents order
260 _c2000
490 _aDETR Press Release
_v(754) 7 December 2000, (2)
520 _a"R v SoS Environment and SoS Wales ex parte Spath Holme Ltd" HL 7 December 2000. Validates the Rent Acts (Maximum Fair Rent) Order 1999 SI 1999:6 setting out a formula for assessing fair rents intended to prevent landlords from seeking to impose over-the-top rent increases to tenants. CA decision quashed. HL appeal allowed. Government comment. DETR to publish guidance shortly. Full copy of judgment available on http://www.publications.parliament.uk/pa/ld/ldjudinf.htm.
590 _aWB
600 _aULTRA VIRES
650 _aR V SOS ENVIRONMENT AND ANOTHER EX P SPATH HOLME LTD
650 _aFAIR RENTS
650 _aRENT ACTS (MAXIMUM FAIR RENT) ORDER 1999
650 _aOPEN MARKET RENTS
650 _aLANDLORD AND TENANT ACT 1985 S31
650 _aRENT INCREASES
690 _aLANDLORD AND TENANT-RESIDENTIAL TENANCIES-CASE LAW
856 _uhttps://www.publications.uk/pa/ld/ldjudinf.htm
856 _uhttps://www.detr.gov.uk
942 _n0
999 _c65563
_d65563